000 00289nam a22001217a 4500
008 190316b xxu||||| |||| 00| 0 eng d
041 _aeng
080 _a043.3
100 _a0
101 _aARK-BA
245 _aKompleks Banesor-Afarist, Lagjja 2 - Skenderaj
_cTafili, E
942 _2udc
_cBK
999 _c54868
_d54868